[Event "9th Semana Santa Alicante"]
[Site "San Vicente ESP"]
[Date "2025.04.20"]
[Round "7.23"]
[White "Gombocz, Ferenc Jr."]
[Black "Alonso Garcia, Aaron"]
[Result "1/2-1/2"]
[WhiteTitle "FM"]
[BlackTitle "IM"]
[WhiteElo "2331"]
[BlackElo "2462"]
[WhiteFideId "775029"]
[BlackFideId "24521060"]
[EventDate "2025.04.16"]

1. d4 Nf6 2. c4 e6 3. Nf3 b6 4. g3 Bb7 5. Bg2 Be7 6. O-O O-O 7. Nc3 Ne4 8. Bd2
Nxd2 9. Qxd2 d6 10. e4 Nd7 11. Ne1 c5 12. d5 Ne5 13. b3 exd5 14. Nxd5 Rb8 15.
Nc2 Bxd5 16. Qxd5 b5 17. cxb5 Rxb5 18. f4 Nd7 19. e5 Nb6 20. Qb7 Ra5 21. Ne3 g6
22. a4 Re8 23. Rad1 Qc8 24. Qf3 dxe5 25. fxe5 Rf8 26. Qf4 c4 27. Nxc4 Nxc4 28.
bxc4 Qc5+ 29. Kh1 Qxe5 30. Qxe5 Rxe5 31. Rd7 Bc5 32. Bd5 Re7 33. Rxe7 Bxe7 34.
Rb1 a5 35. Rb7 Bd6 36. Kg2 Kg7 37. Ra7 Bb4 38. Kf3 Kf6 39. h3 h5 40. g4 hxg4+
41. hxg4 Ke5 42. Bxf7 Kf6 43. Bd5 Kg5+ 44. Rf7 Rxf7+ 45. Bxf7 Kf6 46. Be8 g5 47.
Ke4 Ke7 48. Bg6 Kd6 49. Bf5 1/2-1/2

[Event "9th Semana Santa Alicante"]
[Site "San Vicente ESP"]
[Date "2025.04.20"]
[Round "7.24"]
[White "Mitev, Valentin"]
[Black "Jain, Kashish Manoj"]
[Result "0-1"]
[WhiteTitle "FM"]
[BlackTitle "FM"]
[WhiteElo "2290"]
[BlackElo "2459"]
[WhiteFideId "2921707"]
[BlackFideId "35081098"]
[EventDate "2025.04.16"]

1. d4 d5 2. Nf3 Nf6 3. e3 c5 4. Nbd2 cxd4 5. exd4 Qc7 6. c3 Nc6 7. Bb5 Bd7 8.
O-O a6 9. Bxc6 Bxc6 10. Ne5 e6 11. Nxc6 bxc6 12. c4 Be7 13. c5 O-O 14. Qa4 e5
15. dxe5 Nd7 16. Nf3 Nxc5 17. Qg4 Rfb8 18. Rd1 a5 19. Nd4 Rb4 20. Bf4 g6 21. e6
Qc8 22. Bd2 Rb7 23. exf7+ Kxf7 24. Qf3+ Kg8 25. Rac1 Qd7 26. Bh6 Rc8 27. Qe3 Bd6
28. f3 Rxb2 29. Qa3 Rb4 30. Qxa5 Ra4 31. Qb6 Rb8 32. Qxc6 Rxd4 33. Qxd7 Rxd1+
34. Rxd1 Nxd7 35. Rxd5 Rb6 36. Be3 Ra6 37. Rd2 Ne5 38. Bd4 Nc6 39. Bc3 Bc5+ 40.
Kf1 Kf7 41. h4 Ke6 42. g4 Ra3 43. Rc2 Bd4 44. Bb2 Bxb2 45. Rxc6+ Kd5 46. Rc7
Rxf3+ 47. Kg2 Rg3+ 48. Kf2 Bd4+ 49. Ke2 h6 50. Rh7 Ke4 51. h5 Rg2+ 52. Kf1 Rxg4
53. Rxh6 g5 54. Rh7 Kd3 0-1

[Event "9th Semana Santa Alicante"]
[Site "San Vicente ESP"]
[Date "2025.04.20"]
[Round "7.25"]
[White "Raczek, Krzysztof"]
[Black "Trigo Urquijo, Sergio"]
[Result "1-0"]
[WhiteTitle "IM"]
[BlackTitle "FM"]
[WhiteElo "2448"]
[BlackElo "2354"]
[WhiteFideId "21005303"]
[BlackFideId "2262436"]
[EventDate "2025.04.16"]

1. Nf3 Nf6 2. g3 b6 3. Bg2 Bb7 4. O-O g6 5. c4 Bg7 6. d4 O-O 7. d5 Na6 8. Nc3
Nc5 9. Nd4 e5 10. Nb3 d6 11. Nxc5 bxc5 12. a3 a5 13. Bd2 Qd7 14. b3 c6 15. Bg5
cxd5 16. Bxf6 Bxf6 17. Bxd5 Bxd5 18. Nxd5 Qd8 19. e4 Bg7 20. Nc3 Qd7 21. a4 Qc6
22. Qd3 f5 23. f3 Rab8 24. Nb5 Rf6 25. Rad1 Rbf8 26. exf5 gxf5 27. Qd5+ Qxd5 28.
Rxd5 Rb8 29. f4 e4 30. Rfd1 Bf8 31. Nxd6 Bxd6 32. Rxd6 Rxd6 33. Rxd6 Rxb3 34.
Rd5 Rb4 35. Rxc5 Rxa4 36. Rxf5 Ra1+ 37. Kf2 a4 38. c5 Rc1 39. Re5 a3 40. Re8+
Kf7 41. Ra8 Rc3 42. c6 Ke6 43. c7 Rxc7 44. Rxa3 Rc2+ 45. Ke3 Rxh2 46. Ra6+ Kf5
47. Ra5+ Kg6 48. g4 Rb2 49. Kxe4 Re2+ 50. Kf3 Rb2 51. Ra6+ Kg7 52. g5 Rb3+ 53.
Kg4 Rb1 54. Ra7+ Kg8 55. Re7 Rb5 56. Kh5 Rb1 57. Kg4 Rb5 58. Re5 Rb1 59. Kf5 Kf7
60. Rc5 Rb7 61. Kg4 Rb1 62. Rc7+ Kg8 63. Rd7 Rb5 64. Kf3 Rb6 65. f5 Rb4 66. Re7
Ra4 67. f6 Rb4 68. Kg3 Ra4 69. Re8+ Kf7 70. Rh8 Kg6 71. Rg8+ Kf7 72. Rg7+ Ke6
73. Rxh7 Ra1 74. Re7+ Kd6 75. Kg4 Kd5 1-0

[Event "9th Semana Santa Alicante"]
[Site "San Vicente ESP"]
[Date "2025.04.20"]
[Round "7.26"]
[White "Chasin, Nico"]
[Black "Dushyant, Sharma"]
[Result "1/2-1/2"]
[WhiteTitle "IM"]
[BlackTitle "IM"]
[WhiteElo "2435"]
[BlackElo "2313"]
[WhiteFideId "30908477"]
[BlackFideId "25065130"]
[EventDate "2025.04.16"]

1. d4 d5 2. c4 e6 3. Nf3 Nf6 4. Nc3 Be7 5. Bf4 O-O 6. e3 c5 7. dxc5 Bxc5 8. a3
Nc6 9. Qc2 Qa5 10. Nd2 Bb4 11. Bd3 e5 12. Bg5 Bxc3 13. Qxc3 Qxc3 14. bxc3 Be6
15. cxd5 Nxd5 16. c4 Nb6 17. Rb1 Nd7 18. Nb3 f6 19. Bh4 Rfd8 20. Be2 Rac8 21.
O-O Ne7 22. Na5 Nc5 23. Nxb7 Nxb7 24. Rxb7 Nf5 25. Bg3 Bxc4 26. Bxc4+ Rxc4 27.
Rxa7 h5 28. e4 Rxe4 29. f4 h4 30. Bf2 exf4 31. Ra5 Ne3 32. Re1 Rd2 33. Rb5 Rc4
34. Rb4 Rcc2 35. Rxf4 Nd1 36. Rf1 Ra2 37. h3 Kf7 38. a4 g5 39. Rf3 Kg6 40. a5
Nxf2 41. R3xf2 Rxf2 42. Rxf2 Rxa5 43. Rc2 f5 44. Kf2 g4 45. hxg4 fxg4 46. Rc1
Kg5 47. Rb1 Ra2+ 48. Kg1 Ra4 49. Rf1 Rf4 50. Rc1 g3 51. Rc5+ Kg4 52. Rc1 Ra4 53.
Rb1 Rd4 54. Rc1 Kf4 55. Ra1 Rd2 56. Ra4+ Ke3 57. Ra3+ Ke2 58. Ra1 Rd1+ 59. Rxd1
Kxd1 60. Kh1 Ke2 61. Kg1 Ke1 62. Kh1 h3 63. Kg1 h2+ 64. Kh1 Kf2 1/2-1/2

[Event "9th Semana Santa Alicante"]
[Site "San Vicente ESP"]
[Date "2025.04.20"]
[Round "7.27"]
[White "Cieslak, Patryk"]
[Black "George Samir, David"]
[Result "1-0"]
[WhiteTitle "FM"]
[BlackTitle "FM"]
[WhiteElo "2432"]
[BlackElo "2303"]
[WhiteFideId "21078882"]
[BlackFideId "10657789"]
[EventDate "2025.04.16"]

1. e4 e5 2. Nf3 Nc6 3. Bc4 Bc5 4. c3 Nf6 5. d3 a5 6. O-O d6 7. Bg5 h6 8. Bh4 g5
9. Bg3 O-O 10. Re1 Bg4 11. h3 Bh5 12. Nbd2 Bb6 13. Qc2 Kh8 14. Bb5 Nd7 15. d4 f6
16. Qa4 Ndb8 17. Be2 Qe8 18. Qd1 Nd7 19. Nc4 Ba7 20. Ne3 Ne7 21. Qd2 Nb8 22. Ng4
Bxg4 23. hxg4 Nbc6 24. Bb5 Qc8 25. Be2 Ng6 26. Qd3 Qxg4 27. Nh4 Qxh4 28. Bxh4
gxh4 29. Qh3 Rg8 30. Kh1 exd4 31. Rf1 Rae8 32. Qf5 dxc3 33. bxc3 Kg7 34. f4 Nce7
35. Qh5 Be3 36. Bc4 Rgf8 37. f5 Ne5 38. Be6 Bg5 39. Rab1 b6 40. Qe2 Ra8 41. Rfd1
Rfd8 42. Rb5 Rab8 43. Qh5 Rf8 44. Rb2 Rbd8 45. Rf2 Rb8 46. Qe2 Ra8 47. a3 Ra7
48. Qb5 Raa8 49. Qb1 Rad8 50. Rb2 Rb8 51. Rb5 Rfd8 52. Qc2 Rf8 53. Ba2 N7c6 54.
Qb3 Rfe8 55. Qa4 Red8 56. Rb2 Rf8 57. Bd5 Ne7 58. Be6 Rfd8 59. Re2 Rf8 60. Kg1
Rfd8 61. Kf1 Rf8 62. Qb5 Ra8 63. Rb1 Rfd8 64. Ke1 Rdb8 65. Kd1 Rd8 66. Kc2 Rf8
67. Rh1 a4 68. Ree1 Ra5 69. Qe2 Rc5 70. Rb1 N7c6 71. Rhd1 Ra5 72. Rb5 Ra7 73.
Qh5 Ne7 74. Rh1 Rfa8 75. Rxe5 1-0

[Event "9th Semana Santa Alicante"]
[Site "San Vicente ESP"]
[Date "2025.04.20"]
[Round "7.28"]
[White "Krstulovic, Alex"]
[Black "Sriansh Das"]
[Result "1/2-1/2"]
[WhiteTitle "IM"]
[BlackTitle "FM"]
[WhiteElo "2429"]
[BlackElo "2278"]
[WhiteFideId "760056"]
[BlackFideId "45030081"]
[EventDate "2025.04.16"]

1. Nf3 d5 2. g3 Nf6 3. Bg2 c5 4. c4 d4 5. b4 Nc6 6. b5 Nb8 7. e3 dxe3 8. fxe3 g6
9. Nc3 Bg7 10. Bb2 O-O 11. O-O Qc7 12. Qe2 Nbd7 13. a4 a5 14. d4 Nb6 1/2-1/2

[Event "9th Semana Santa Alicante"]
[Site "San Vicente ESP"]
[Date "2025.04.20"]
[Round "7.29"]
[White "Mascarell Canet, Ricardo"]
[Black "Garcia Ramos, Daniel"]
[Result "0-1"]
[BlackTitle "IM"]
[WhiteElo "1919"]
[BlackElo "2428"]
[WhiteFideId "2217074"]
[BlackFideId "32010311"]
[EventDate "2025.04.16"]

1. d4 Nf6 2. Nf3 d5 3. c4 e6 4. Nc3 dxc4 5. e3 a6 6. Bxc4 b5 7. Bb3 Bb7 8. O-O
Be7 9. Qe2 O-O 10. Rd1 c5 11. dxc5 Qc7 12. Bd2 Bxc5 13. Rac1 Nbd7 14. a3 Rac8
15. Ba2 Qb8 16. Be1 Ne5 17. Nd4 Neg4 18. g3 Qe5 19. Bb1 Bb6 20. Nb3 Qh5 21. h4
g5 22. Rc2 gxh4 23. gxh4 Kh8 24. Na2 Rxc2 25. Qxc2 Rg8 26. Kf1 Nh2# 0-1

[Event "9th Semana Santa Alicante"]
[Site "San Vicente ESP"]
[Date "2025.04.20"]
[Round "7.30"]
[White "Sowinski, Pawel"]
[Black "Iglesias Ferreira, Andres"]
[Result "1-0"]
[WhiteTitle "IM"]
[BlackTitle "FM"]
[WhiteElo "2428"]
[BlackElo "2269"]
[WhiteFideId "21881979"]
[BlackFideId "54507669"]
[EventDate "2025.04.16"]

1. e4 c5 2. Nf3 d6 3. d4 cxd4 4. Nxd4 Nf6 5. Nc3 a6 6. Be3 e5 7. Nb3 Be7 8. h3
Nc6 9. g4 h6 10. Qf3 Be6 11. O-O-O Rc8 12. Kb1 Nb4 13. Rd2 d5 14. a3 Rxc3 15.
bxc3 Nc6 16. Bg2 Nxe4 17. Qxe4 dxe4 18. Rxd8+ Kxd8 19. Kb2 Kc7 20. Bxe4 Rd8 21.
Re1 Bd5 22. Bd3 Bg2 23. Rg1 Bd5 24. c4 Be6 25. Nc5 Bxc5 26. Bxc5 f6 27. Kc3 g5
28. Rb1 Rh8 29. Bg6 Bd7 30. Rd1 Rg8 31. Be4 Re8 32. Rd3 Nd4 33. Bxd4 exd4+ 34.
Kxd4 Bc6 35. Bxc6 Kxc6 36. Rf3 Re6 37. c5 Kc7 38. Re3 Rc6 39. Re7+ Kc8 40. Kd5 1-0

[Event "9th Semana Santa Alicante"]
[Site "San Vicente ESP"]
[Date "2025.04.20"]
[Round "7.31"]
[White "Oro, Faustino"]
[Black "Vioque Gonzalez, Nicolas"]
[Result "1-0"]
[WhiteTitle "IM"]
[WhiteElo "2423"]
[BlackElo "2162"]
[WhiteFideId "20000197"]
[BlackFideId "54583063"]
[EventDate "2025.04.16"]

1. d4 d5 2. c4 e6 3. Nc3 Nf6 4. cxd5 exd5 5. Bg5 c6 6. e3 Bf5 7. Bd3 Bxd3 8.
Qxd3 Be7 9. Nge2 h6 10. Bh4 O-O 11. f3 Nbd7 12. Bf2 Re8 13. O-O Nf8 14. Rad1 b5
15. Ng3 Ng6 16. e4 Qa5 17. e5 Nh7 18. Nce2 Qxa2 19. b3 Qa5 20. f4 Ngf8 21. f5 f6
22. Nh5 Qc7 23. Bg3 Qb7 24. Qf3 Bd8 25. Qg4 a5 26. Bf4 Kh8 27. Rd3 Ng5 28. exf6
Bxf6 29. Nxf6 gxf6 30. h4 h5 31. Qxh5+ Qh7 32. Qg4 Ne4 33. Bc1 Re7 34. Nf4 Rg7
35. Qh3 Kg8 36. Kh2 a4 37. b4 Re8 38. g4 Nd6 39. Rc3 Nc4 40. Rg3 Nd6 41. Rg2 Re4
42. h5 Kf7 43. Ng6 Ke8 44. g5 Nd7 45. Bf4 Nc4 46. h6 Rg8 47. Qh5 Nf8 48. Nxf8+
Kxf8 49. g6 1-0

[Event "9th Semana Santa Alicante"]
[Site "San Vicente ESP"]
[Date "2025.04.20"]
[Round "7.32"]
[White "Krishna, C R G"]
[Black "Ribeiro, Rodrigo"]
[Result "0-1"]
[WhiteTitle "IM"]
[BlackTitle "FM"]
[WhiteElo "2415"]
[BlackElo "2129"]
[WhiteFideId "5018625"]
[BlackFideId "1938398"]
[EventDate "2025.04.16"]

1. Nf3 d5 2. e3 Nf6 3. c4 e6 4. b3 Be7 5. Bb2 O-O 6. Nc3 b6 7. cxd5 Nxd5 8. Qc2
Bb7 9. a3 Bf6 10. Bd3 Nxc3 11. dxc3 h6 12. O-O-O Nd7 13. h4 Qe7 14. Ng5 Nc5 15.
Bh7+ Kh8 16. f4 b5 17. Ne4 Nxb3+ 18. Kb1 Nc5 19. g4 Na4 20. g5 Nxb2 21. Kxb2 b4
22. gxf6 bxa3+ 23. Ka1 gxf6 24. Rhg1 f5 25. Ng3 Bf3 26. Rdf1 Bg4 27. e4 Kxh7 28.
exf5 Bxf5 29. Nxf5 exf5 30. Qxf5+ Kh8 31. Re1 Qd6 32. Qe5+ Qxe5 33. Rxe5 Rab8
34. Rc5 Rb7 35. Rc6 Kh7 36. Ka2 Rd8 37. Kxa3 Rd5 38. Ka4 Rf5 39. Rc4 Rf6 40. Ka5
Rfb6 41. Rc5 c6 42. c4 Rb2 43. Ka6 Rc7 44. Rd1 Ra2+ 45. Ra5 Rxa5+ 46. Kxa5 Kg6
47. Rd6+ Kh5 48. Rf6 Kxh4 49. Rxh6+ Kg4 50. Rf6 Kf3 51. Kb4 c5+ 52. Kb5 Ke4 53.
f5 Ke5 54. Rc6 Rxc6 55. Kxc6 Kd4 56. f6 a5 0-1

[Event "9th Semana Santa Alicante"]
[Site "San Vicente ESP"]
[Date "2025.04.20"]
[Round "7.33"]
[White "Balakrishnan, Praveen"]
[Black "Uzcategui Rodriguez, Alejandro"]
[Result "1-0"]
[WhiteTitle "GM"]
[BlackTitle "FM"]
[WhiteElo "2489"]
[BlackElo "2312"]
[WhiteFideId "2064871"]
[BlackFideId "3903400"]
[EventDate "2025.04.16"]

1. d4 d5 2. Nf3 Nf6 3. c4 e6 4. Nc3 h6 5. e3 a6 6. b3 c5 7. Be2 Nc6 8. O-O Bd6
9. cxd5 exd5 10. dxc5 Bxc5 11. Bb2 O-O 12. Rc1 Ba7 13. Na4 Bg4 14. h3 Bh5 15.
Nc5 Rc8 16. Nxb7 Qe7 17. Bxf6 Qxf6 18. Qxd5 Bg6 19. Nd6 Nb4 20. Qe5 Rcd8 21.
Qxf6 gxf6 22. Nb7 Rb8 23. Na5 Nxa2 24. Rc4 Nb4 25. Nc6 Nxc6 26. Rxc6 Rxb3 27.
Rxf6 Rc8 28. Ne5 Rb2 29. Nxg6 Kg7 30. Rxa6 Bb8 31. Ne7 Re8 32. Nf5+ 1-0

[Event "9th Semana Santa Alicante"]
[Site "San Vicente ESP"]
[Date "2025.04.20"]
[Round "7.34"]
[White "Zwirs, Nico"]
[Black "Chueca Forcen, Alberto"]
[Result "1-0"]
[WhiteTitle "IM"]
[BlackTitle "IM"]
[WhiteElo "2457"]
[BlackElo "2302"]
[WhiteFideId "1036432"]
[BlackFideId "2269902"]
[EventDate "2025.04.16"]

1. e4 c6 2. d4 d5 3. Nc3 dxe4 4. Nxe4 Nf6 5. Nxf6+ exf6 6. c3 Bd6 7. Bd3 O-O 8.
Qc2 Re8+ 9. Ne2 h5 10. O-O h4 11. Bd2 Nd7 12. Rfe1 Nf8 13. Nf4 Bd7 14. Rxe8 Qxe8
15. Re1 Qb8 16. g3 Qc7 17. a3 Ne6 18. Nxe6 Bxe6 19. Bh7+ Kf8 20. Be4 Re8 21. Bg2
hxg3 22. hxg3 g6 23. c4 Kg7 24. Qd3 Rh8 25. Bc3 b5 26. cxb5 cxb5 27. Qxb5 Bxg3
28. fxg3 Qxg3 29. Rxe6 Qh2+ 30. Kf1 Qf4+ 31. Ke1 Qg3+ 32. Kd1 fxe6 33. Qd7+ Kh6
34. Bd2+ g5 35. Bc6 Qg4+ 36. Kc1 Kg6 37. Qxa7 Qe2 38. Qc5 Qf1+ 39. Kc2 Qf5+ 40.
Qxf5+ Kxf5 41. Kd3 Rh3+ 42. Be3 Rh8 43. b4 Kg4 44. Bd7 f5 45. Bxe6 Rf8 46. d5
Kh4 47. Bc5 Ra8 48. Bxf5 Rxa3+ 49. Ke4 g4 50. d6 g3 51. d7 Ra8 52. Be7+ 1-0

[Event "9th Semana Santa Alicante"]
[Site "San Vicente ESP"]
[Date "2025.04.20"]
[Round "7.35"]
[White "Garrido Outon, Alex"]
[Black "Navrotescu, Andreea"]
[Result "1/2-1/2"]
[WhiteTitle "IM"]
[BlackTitle "WGM"]
[WhiteElo "2450"]
[BlackElo "2301"]
[WhiteFideId "24516279"]
[BlackFideId "675946"]
[EventDate "2025.04.16"]

1. e4 c5 2. Nf3 Nc6 3. d4 cxd4 4. Nxd4 Nf6 5. Nc3 e5 6. Ndb5 d6 7. Bg5 a6 8. Na3
b5 9. Nd5 Be7 10. Bxf6 Bxf6 11. Nb1 Bg5 12. a4 b4 13. Bc4 O-O 14. O-O Rb8 15.
Qd3 a5 16. Nd2 Bxd2 17. Qxd2 Nd4 18. Rad1 Bd7 19. b3 Bc6 20. f3 Bxd5 21. Bxd5
Qc7 22. Bc4 Kh8 23. Qf2 Rbd8 24. f4 f6 25. f5 g5 26. Rxd4 exd4 27. Rd1 Rfe8 28.
Be6 Qc3 29. Qxd4 Qxd4+ 30. Rxd4 Re7 31. Rc4 Ra7 32. Kf2 Kg7 33. Ke3 Kf8 34. Rc6
Ke7 35. Kd4 h5 36. Kc4 Rb8 37. Kd5 Rd8 38. Kd4 Rb8 39. Kd5 Rd8 40. g3 g4 41. Kd4
Rh8 42. Rb6 Rha8 43. Kd5 Rd8 44. Rb5 h4 45. Kd4 hxg3 46. hxg3 Rh8 47. Ke3 Rh2
48. Kf4 Rxc2 49. Kxg4 Rc5 50. Rb8 Rac7 51. Ra8 Re5 52. Kf4 Rxe6 53. fxe6 Rc5 54.
Ra7+ Kxe6 55. g4 Rc1 56. Rxa5 Rf1+ 1/2-1/2

[Event "9th Semana Santa Alicante"]
[Site "San Vicente ESP"]
[Date "2025.04.20"]
[Round "7.36"]
[White "Frayna, Janelle Mae"]
[Black "Gloeckler, Christian"]
[Result "1/2-1/2"]
[WhiteTitle "WGM"]
[BlackTitle "FM"]
[WhiteElo "2311"]
[BlackElo "2423"]
[WhiteFideId "5212499"]
[BlackFideId "34608966"]
[EventDate "2025.04.16"]

1. e4 c5 2. Nf3 d6 3. Bb5+ Nd7 4. a4 Nf6 5. Nc3 g6 6. O-O a6 7. Be2 Bg7 8. a5 b5
9. axb6 Nxb6 10. d3 O-O 11. Qd2 h6 12. b3 a5 13. Bb2 Bd7 14. e5 Ng4 15. exd6
exd6 16. Ra2 a4 17. Nxa4 Nxa4 18. Bxg7 Kxg7 19. bxa4 Rxa4 20. Rxa4 Bxa4 21. d4
Qb6 22. dxc5 dxc5 23. Qf4 Bd7 24. Rd1 Nf6 25. Ne5 Bf5 26. Bd3 Rd8 27. Nc4 Qb4
28. Qc1 Bxd3 29. Rxd3 Re8 30. Ne3 Ng4 31. h3 Nxe3 32. Rxe3 Rxe3 33. fxe3 Qc3 34.
Kf2 Qf6+ 35. Ke2 Qg5 36. Qa1+ Kh7 37. Qf1 Qd5 38. Qf3 Qc4+ 39. Kd2 Qe6 40. Kd3
Kg7 41. Qe4 Qa6+ 42. Qc4 Qd6+ 43. Kc3 Qf6+ 44. Kb3 Qf5 45. Qc3+ Kf8 46. Kc4 Ke7
47. Qd3 Qh5 1/2-1/2

[Event "9th Semana Santa Alicante"]
[Site "San Vicente ESP"]
[Date "2025.04.20"]
[Round "7.37"]
[White "Espinosa Aranda, Angel"]
[Black "Ankit Ray"]
[Result "1-0"]
[WhiteTitle "IM"]
[BlackTitle "FM"]
[WhiteElo "2418"]
[BlackElo "2288"]
[WhiteFideId "2278189"]
[BlackFideId "25770624"]
[EventDate "2025.04.16"]

1. d4 Nf6 2. Nf3 e6 3. e3 c5 4. Bd3 b6 5. O-O Bb7 6. c4 Be7 7. Nc3 cxd4 8. exd4
d5 9. cxd5 Nxd5 10. Ne5 O-O 11. Qg4 Nf6 12. Qh4 Nc6 13. Bg5 g6 14. Ba6 h6 15.
Bxh6 Nxe5 16. Bxf8 Nf3+ 17. gxf3 Bxa6 18. Bxe7 Qxe7 19. Rfe1 Bb7 20. Ne4 Kg7 21.
Qxf6+ Qxf6 22. Nxf6 Kxf6 23. Kg2 Rh8 24. Kg3 g5 25. Rac1 Bd5 26. Rc7 a5 27. b3
a4 28. Rc3 axb3 29. axb3 Rh4 30. Rd3 Ke7 31. Ra1 f5 32. h3 Bc6 33. Ra7+ Kf6 34.
Rc7 Bd5 35. Rc8 f4+ 36. Kg2 g4 37. hxg4 Rxg4+ 38. Kf1 Rg7 39. Rf8+ Ke7 40. Rb8
Rh7 41. Rxb6 Rh1+ 42. Kg2 Rb1 43. b4 Kd7 44. Rc3 Rd1 45. b5 Rxd4 46. Rb8 Rb4 47.
b6 Rb2 48. Kg1 Rb1+ 49. Kh2 Rb2 50. Rc7+ Kd6 51. Rd8+ Ke5 52. b7 Bxb7 53. Rb8
Rxf2+ 54. Kg1 Rxf3 55. Rcxb7 Ra3 56. Kf2 Kf5 57. Rf8+ Ke5 58. Rb5+ 1-0

[Event "9th Semana Santa Alicante"]
[Site "San Vicente ESP"]
[Date "2025.04.20"]
[Round "7.38"]
[White "Barp, Alberto"]
[Black "Sahithi Varshini M"]
[Result "1-0"]
[WhiteTitle "IM"]
[BlackTitle "FM"]
[WhiteElo "2413"]
[BlackElo "2301"]
[WhiteFideId "872555"]
[BlackFideId "45095248"]
[EventDate "2025.04.16"]

1. d4 Nf6 2. c4 e6 3. g3 d5 4. Bg2 h6 5. Nf3 Bd6 6. O-O O-O 7. b3 b6 8. Bb2 Bb7
9. Nc3 Nbd7 10. Rc1 Re8 11. Qc2 dxc4 12. bxc4 e5 13. dxe5 Nxe5 14. Nxe5 Bxg2 15.
Nxf7 Kxf7 16. Kxg2 Qe7 17. e4 c6 18. f4 Bb4 19. e5 Nd7 20. Ne4 Kg8 21. Rcd1 1-0

[Event "9th Semana Santa Alicante"]
[Site "San Vicente ESP"]
[Date "2025.04.20"]
[Round "7.39"]
[White "Nemeth, Zalan"]
[Black "Ladron De Guevara Pinto, Paolo"]
[Result "1/2-1/2"]
[WhiteTitle "FM"]
[BlackTitle "IM"]
[WhiteElo "2311"]
[BlackElo "2411"]
[WhiteFideId "2512041"]
[BlackFideId "2290847"]
[EventDate "2025.04.16"]

1. d4 Nf6 2. c4 e6 3. g3 d5 4. Nf3 dxc4 5. Bg2 Nbd7 6. O-O Rb8 7. a4 a6 8. a5
Bd6 9. Nbd2 b5 10. axb6 Nxb6 11. Qc2 O-O 12. Nxc4 Nxc4 13. Qxc4 Rb4 14. Qc3 Qe8
15. Ne5 Qb5 16. Nd3 Rc4 17. Qa5 Nd5 18. Qxb5 axb5 19. b3 Rc2 20. Bf3 b4 21. Rd1
Rc3 22. Rb1 Ba6 23. Ne5 Rxf3 24. exf3 Nc3 25. Ra1 Nxd1 26. Rxa6 Nc3 27. Kf1 Bxe5
28. dxe5 Rd8 29. Bd2 Nd5 30. Ke2 Kf8 31. Be1 Ke8 32. f4 h5 33. h4 g6 34. Bd2 Rb8 1/2-1/2

[Event "9th Semana Santa Alicante"]
[Site "San Vicente ESP"]
[Date "2025.04.20"]
[Round "7.40"]
[White "Elsness, Frode"]
[Black "Povshednyi, Ivan"]
[Result "1/2-1/2"]
[WhiteTitle "IM"]
[BlackTitle "FM"]
[WhiteElo "2408"]
[BlackElo "2291"]
[WhiteFideId "1501100"]
[BlackFideId "14190907"]
[EventDate "2025.04.16"]

1. d4 Nf6 2. c4 e6 3. g3 d5 4. Bg2 Be7 5. Nf3 O-O 6. O-O dxc4 7. Qc2 b5 8. a4
Bb7 9. axb5 a6 10. bxa6 Nxa6 11. Qxc4 Bd5 12. Qc3 c5 13. Be3 Ne4 14. Qe1 Nb4 15.
Rxa8 Qxa8 16. Nc3 Nxc3 17. bxc3 Nc2 18. Qd2 Nxe3 19. Qxe3 h6 20. Rb1 cxd4 21.
cxd4 Rd8 22. Qc3 Bf6 23. Ra1 Qb7 24. h4 Be4 25. Kh2 g6 26. Ra4 Kg7 27. Rc4 Rd7
28. Qe3 Bxf3 29. Bxf3 Qb6 30. h5 g5 31. Qa3 Rxd4 32. Rxd4 Qxd4 33. e3 Qc4 34.
Kg1 Qb5 35. Qc1 Qf5 36. Qd1 Qc5 37. Qd3 Qb4 38. Qd1 Qb2 39. Be4 Qe5 40. Bc2 Qa1 1/2-1/2

[Event "9th Semana Santa Alicante"]
[Site "San Vicente ESP"]
[Date "2025.04.20"]
[Round "8.1"]
[White "Vetokhin, Savva"]
[Black "Murzin, Volodar"]
[Result "1/2-1/2"]
[WhiteTitle "GM"]
[BlackTitle "GM"]
[WhiteElo "2549"]
[BlackElo "2658"]
[WhiteFideId "44144474"]
[BlackFideId "44155573"]
[EventDate "2025.04.16"]

1. d4 Nf6 2. c4 e6 3. Nc3 Bb4 4. Nf3 b6 5. e3 Bb7 6. Bd3 O-O 7. O-O c5 8. Na4
cxd4 9. exd4 Re8 10. a3 Bf8 11. b4 d6 12. h3 Nbd7 13. Be3 e5 14. Be2 exd4 15.
Bxd4 d5 16. Nc3 Rc8 17. cxd5 Nxd5 18. Nxd5 Bxd5 19. Bb2 Bb7 20. Bb5 Re7 21. Qd3
Nf6 22. Qxd8 Rxd8 23. Nd4 Rc7 24. Rac1 Rdc8 25. Rxc7 Rxc7 1/2-1/2

[Event "9th Semana Santa Alicante"]
[Site "San Vicente ESP"]
[Date "2025.04.20"]
[Round "8.2"]
[White "Fernandez Guillen, Ernesto J."]
[Black "Lu, Shanglei"]
[Result "0-1"]
[WhiteTitle "IM"]
[BlackTitle "GM"]
[WhiteElo "2474"]
[BlackElo "2618"]
[WhiteFideId "3512428"]
[BlackFideId "8603332"]
[EventDate "2025.04.16"]

1. e4 c5 2. Nf3 d6 3. d4 cxd4 4. Nxd4 Nf6 5. Nc3 a6 6. Bc4 e6 7. Bb3 Nbd7 8. g4
Nc5 9. Qe2 g6 10. g5 Nh5 11. Be3 Be7 12. Rg1 Bd7 13. f4 b5 14. a3 Qa5 15. O-O-O
b4 16. axb4 Qxb4 17. f5 a5 18. fxe6 fxe6 19. Bxe6 Bxe6 20. Nxe6 Nxe6 21. Nd5 Qb7
22. Nb6 O-O 23. Qc4 Ng7 24. Bd4 Rae8 25. Nd5 Bxg5+ 26. Kb1 Kh8 27. Bc3 Rc8 28.
Qa2 Bf4 0-1

[Event "9th Semana Santa Alicante"]
[Site "San Vicente ESP"]
[Date "2025.04.20"]
[Round "8.3"]
[White "Almeida Quintana, Omar"]
[Black "Smirnov, Mark"]
[Result "1/2-1/2"]
[WhiteTitle "GM"]
[BlackTitle "FM"]
[WhiteElo "2483"]
[BlackElo "2336"]
[WhiteFideId "3503313"]
[BlackFideId "13764594"]
[EventDate "2025.04.16"]

1. d4 Nf6 2. Nf3 d5 3. c4 e6 4. Nc3 Bb4 5. e3 O-O 6. a3 Be7 7. c5 b6 8. b4 a5 9.
Bb2 c6 10. Bd3 Ba6 11. O-O Bxd3 12. Qxd3 Nbd7 13. Ne2 Qc7 14. Rfc1 Rfb8 15. Qc2
Qb7 16. Bc3 Qa6 17. Nf4 Ne4 18. Bb2 bxc5 19. bxc5 1/2-1/2